| 000 | 00644nam a22001937a 4500 | ||
|---|---|---|---|
| 003 | OSt | ||
| 005 | 20251120151801.0 | ||
| 008 | 251120b |||||||| |||| 00| 0 eng d | ||
| 020 | _a978-981-06-9867-6. | ||
| 040 |
_aDWCL-Main lib _cOC |
||
| 082 |
_214th ed. _aCirc. 658.1511 M267 2008 |
||
| 100 | _aHorngren, Charles Et. Al. | ||
| 245 |
_aManagement accounting 14th ed. _cHorngren, Charles Et Al. |
||
| 260 |
_aSingapore : _bPearson Education Asia Pte. Ltd., _cc2008. |
||
| 300 |
_axxi (various paging) : _billustration ; _c25 cm. |
||
| 504 | _aIncludes index. | ||
| 650 | _21. Management accounting. | ||
| 942 |
_2ddc _cBK-CIRC _e14th ed. _kCirc. _n0 |
||
| 999 |
_c5908 _d5908 |
||